[Event "SMM Aufstiegskampf NLB Ost"]
[Site "Riehen"]
[Date "2002.10.20"]
[Round "?.7"]
[White "Fejzullahu, Afrim"]
[Black "Giertz, Niklaus"]
[Result "0-1"]
[WhiteElo "2319"]
[BlackElo "2272"]
[Annotator "Herbrechtsmeier,Christof"]
[PlyCount "116"]
[EventDate "2002.10.21"]
[WhiteTeam "Rössli Reinach"]
[BlackTeam "Riehen"]

1. e4 e5 2. Nf3 Nf6 3. Nc3 Nc6 4. Bc4 Nxe4 5. Nxe4 (5. O-O Nxc3 6. dxc3 Be7 7.
Qd5 O-O $11) 5... d5 6. Bxd5 $6 (6. Bd3 dxe4 (6... f5 7. Nc3 e4 8. Bb5 exf3 9.
Qxf3 Be6 10. O-O Qd7 11. Ne2 Bd6 12. d4 O-O 13. Bf4 {
1-0 Morovic Fernandez,I-Sagalchik,G/North Bay 1996/EXT 98 (44)}) 7. Bxe4 Bd6 8.
d4 (8. Bxc6+ bxc6 9. d4 e4 $1) (8. c3 O-O 9. O-O f5 10. Bd5+ Kh8 11. d3 h6 12.
Re1 {1-0 Bastian,H-Muench,I/Germany 1996/EXT 2000 (85)}) 8... exd4 (8... Nxd4
$10 9. Nxd4 exd4 10. Qxd4 O-O 11. Be3 (11. O-O $4 Bxh2+) 11... Qe7 12. O-O-O
Be5 {1/2-1/2 Tartakower,S-Szabo,L/Groningen 1946/MCL/[ChessBase] (35)}) 9.
Bxc6+ (9. Nxd4 O-O 10. Bxc6 bxc6 11. O-O Qh4 {
1/2-1/2 Hecht,H-Dueball,J/Bad Pyrmont 1970/EXT 2001 (29)}) (9. O-O O-O 10. Bg5
f6 11. Bh4 Bg4 12. Qd3 {1-0 Zaichik,G-Haba,P/Polanica Zdroj 1989/EXT 97 (42)})
9... bxc6 10. Qxd4) 6... Qxd5 7. Nc3 Qd8 8. Qe2 (8. O-O Bg4 9. h3 Bh5 10. Ne4
Be7 11. Ng3 Bg6 12. d3 O-O 13. Re1 Bc5 14. Be3 {
0-1 Stein,B-Hartmann,W/St Ingbert 1990/EXT 97 (29)}) 8... Bd6 9. d4 O-O 10.
dxe5 Nxe5 11. Nxe5 Bxe5 $15 12. O-O Re8 (12... Bxc3 13. bxc3 Be6) 13. Qf3 Qf6 (
13... Qd6) 14. Qxf6 Bxf6 15. Nd5 Be5 16. Bf4 Bxf4 17. Nxf4 Bf5 18. Nd5 Rac8 19.
Rfe1 Rxe1+ 20. Rxe1 Kf8 21. Ne3 Be6 22. f4 (22. a3) 22... Rd8 23. b3 Rd2 24.
Rd1 Rxd1+ 25. Nxd1 Ke7 26. Kf2 Kd6 27. Ke3 Bf5 28. Kd2 f6 29. c4 g5 30. g3 Be4
31. Nc3 Bc6 32. Ke3 Ke6 33. g4 h6 34. b4 b6 35. Ne2 Bd7 36. Ng3 Kd6 37. h3 $138
(37. Ne4+ Ke6 38. a3) 37... Be6 $138 38. fxg5 $2 (38. Ne4+ Ke7 39. fxg5) 38...
hxg5 39. Kd4 c5+ 40. bxc5+ bxc5+ 41. Kd3 Ke5 42. Ne4 Bxc4+ 43. Ke3 (43. Kxc4
Kxe4 44. Kxc5 Kf4 45. Kb5 Kg3 46. Ka6 Kxh3 47. Kxa7 Kxg4 48. a4 Kf4 $19) 43...
Bxa2 44. Nxc5 Bc4 45. Nd7+ Ke6 46. Nc5+ Kd6 47. Ne4+ Ke5 48. Ng3 Be6 49. Ne4 a5
50. Nc5 Bc4 51. Nd7+ Ke6 52. Nc5+ Ke7 53. Kf3 Bd5+ 54. Kg3 Kd6 55. Nd3 a4 56.
h4 a3 57. Nb4 Bb3 58. h5 a2 0-1

[Event "SMM Aufstiegskampf NLB Ost"]
[Site "Riehen"]
[Date "2002.10.20"]
[Round "?.8"]
[White "Gierth, Hans Joachim"]
[Black "Buss, Ralph"]
[Result "1/2-1/2"]
[WhiteElo "2265"]
[BlackElo "2274"]
[Annotator "Herbrechtsmeier,Christof"]
[PlyCount "57"]
[EventDate "2002.10.21"]
[WhiteTeam "Riehen"]
[BlackTeam "Rössli Reinach"]

1. d4 Nf6 2. Nf3 e6 3. Bf4 b6 4. e3 Bb7 5. Bd3 Be7 6. h3 O-O 7. O-O c5 8. c3
cxd4 (8... d5 9. Nbd2 Qc8 10. Re1 Ba6 11. Bc2 Rd8 {
1/2-1/2 Gulko,B-Browne,W/New York 1988/CBM 08 (21)}) (8... Nc6 9. Nbd2 d5 10.
Qe2 a6 11. Bh2 b5 12. Rac1 Qb6 {
1/2-1/2 Pomes Marcet,J-Solozhenkin,E/Barcelona 1993/EXT 97 (80)}) (8... d6 9.
Nbd2 Nbd7 10. Nc4 Qc7 11. a4 Rfe8 12. Bh2 Rad8 13. b4 e5 {
1/2-1/2 Keitlinghaus,L-Totsky,L/Budapest 1996/CBM 53 (41)}) 9. exd4 d6 10. a4 (
10. Qe2 Nbd7 11. Nbd2 Re8 12. Rfe1 Nf8 13. Bb5 N8d7 14. Ng5 Bf8 {
0-1 Chachere,L-Gurevich,D/Chicago 1989/EXT 97 (43)}) 10... a6 11. Na3 Nbd7 12.
Nc4 Qc7 13. Re1 Rfe8 14. Ne3 Bc6 15. Nc4 b5 16. axb5 axb5 17. Ncd2 Qb7 18. Qe2
$6 (18. Rxa8) 18... Ra4 (18... Rxa1 $1 19. Rxa1 e5 20. dxe5 dxe5 21. Bxe5 (21.
Nxe5 Bd6 22. Ndf3 Nxe5 23. Nxe5 Bxg2 $19) 21... Bd8 22. Qe3 Nxe5 23. Nxe5 Bxg2
$17 (23... Bc7 24. Ra7 $1) 24. Qg3 (24. Ra7 Qb8 25. Kxg2 Rxe5 26. Qf4 h6) 24...
Bd5 25. Re1 Bc7) 19. Bc2 Ra7 20. Rxa7 Qxa7 21. Nb3 Bxf3 22. Qxf3 d5 23. Ra1 Qb6
24. Bd3 Rc8 25. Qe2 b4 26. c4 dxc4 27. Bxc4 Qd8 28. Ra7 Bf8 29. Bg5 $14 1/2-1/2

[Event "SMM NLB Ost"]
[Site "?"]
[Date "2002.09.29"]
[Round "7.5"]
[White "Kiefer, Gerhard"]
[Black "Zuelle, Bruno"]
[Result "1-0"]
[WhiteElo "2268"]
[BlackElo "2109"]
[Annotator "Herbrechtsmeier,Christof"]
[PlyCount "59"]
[EventDate "2002.??.??"]
[WhiteTeam "Riehen"]
[BlackTeam "Baden"]

1. e4 e6 2. d4 d5 3. Nc3 Bb4 4. e5 c5 5. dxc5 Ne7 6. Nf3 Bxc3+ (6... Nbc6 7.
Bd3 Bxc5 (7... Ng6 8. Qe2 d4 9. a3 Bxc5 10. Ne4 Be7 11. Nd6+ {
Kiefer,G-Altyzer,L/Schweiz 1999}) (7... Qc7 8. Bf4 d4 9. a3 dxc3 10. axb4 cxb2
11. Rb1 {1-0 Kiefer,G-Rodel,W/SUI 1994/EXT 2000 (24)}) 8. O-O Ng6 9. Re1 a6 10.
a3 Qc7 11. b4 Ba7 12. Bb2 {1-0 Kiefer,G-Wueest,A/SUI 2000/EXT 2001 (40)}) (6...
Nd7 7. Bd3 Qc7 (7... Nc6 8. Qe2 Qc7 9. O-O Bxc3 10. bxc3 Ncxe5 11. Bf4 Nxf3+
12. Qxf3 e5 13. Bg3 Qxc5 14. Rfe1 {
1-0 Kiefer,G-Roemer,U/Badenweiler 1988/GER (31)}) (7... Nxc5 8. O-O Nxd3 9.
Qxd3 Bd7 10. Nb5 O-O 11. Nbd4 {1-0 Kiefer,G-Kaufmann,W/Schweiz 2001 (61)}) 8.
O-O (8. Bf4 Ng6 9. Bxg6 hxg6 10. O-O Bxc3 11. bxc3 Nxc5 12. Re1 {
1-0 Kiefer,G-Graf,J/Waldshut 1981/EXT 99 (29)}) 8... Bxc3 9. bxc3 Ng6 10. Be3
Nxc5 11. Bd4 Bd7 12. Ng5 {1-0 Maier,C-Masserey,Y/Steckborn 1997/EXT 98 (37)})
7. bxc3 Qa5 8. Bd3 (8. Qd2 Nd7 9. Bd3 Nc6 10. O-O Ndxe5 11. Nxe5 Nxe5 12. Qg5
Qxc3 13. Bd2 Qd4 14. Be3 Qc3 15. Bd2 Qd4 16. Be3 {
1/2-1/2 Ljubojevic,L-Ivkov,B/Bugojno 1980/MCD (16)}) 8... Nd7 (8... Bd7 9. O-O
Nbc6 10. Rb1 O-O-O 11. Re1 Ng6 12. c4 {
1-0 Horvath,T-Wegener,D/Austria 2001/CBM 81 ext (26)}) (8... Qxc5 9. O-O Nbc6
10. Rb1 Qxc3 11. Rb5 {1-0 Kiefer,G-Krauseneck,P/Germany 1983/GER-chT (22)}) 9.
O-O Nxc5 10. Rb1 Bd7 {Diagramm #} 11. Bd2 (11. Re1 a6 12. Be3 Nxd3 13. cxd3 b5
14. Bc5 {1-0 Fuchs,R-Berthold,A/GER 1998/EXT 2000 (32)}) 11... Nxd3 12. cxd3
Qa6 13. Nd4 O-O 14. Qf3 b6 15. Qg3 Kh8 16. Rb4 Rfc8 17. a4 Nf5 18. Nxf5 exf5
19. Rh4 Rc6 20. Qh3 h6 $8 21. Re1 Re8 22. Bxh6 Rxh6 23. Rxh6+ gxh6 24. Qxh6+
Kg8 25. Re3 f4 $8 26. Qxf4 Re6 $2 (26... Be6 27. Qh6 (27. h4 $5) 27... Qxa4 $8
28. Rg3+ Bg4 29. h3 $16) (26... b5 27. Rg3+ (27. Rf3 $5 Qe6 28. Rg3+ Kf8 29.
axb5) 27... Kf8 28. Qb4+ Re7 29. a5 d4 30. cxd4 Qc6 31. h3 Qc1+ 32. Kh2 Qf4 33.
Qd6 $16) 27. Qg5+ Kf8 28. Rh3 Rg6 29. Rh8+ Kg7 30. Qh4 1-0